Twenty One Pilots - Johnny Boy - Statistics

General Stats
  • This quiz has been taken 158 times
  • The average score is 244 of 296
Answer Stats
Lyrics % Correct
a
98%
Boy
98%
Johnny
98%
The
98%
the
98%
I
97%
Get
95%
Get
95%
you
95%
up
94%
on
92%
and
91%
And
91%
He
91%
he
91%
to
91%
lie
90%
world
90%
your
88%
all
87%
ground
87%
No
87%
no
87%
we
87%
We
87%
wife
86%
'cause
85%
his
85%
it
85%
know
85%
lying
85%
my
85%
my
85%
You're
85%
you're
85%
has
84%
joy
84%
pride
84%
left
82%
never
82%
time
82%
because
81%
but
81%
But
81%
need
81%
it's
80%
It's
80%
now
80%
told
80%
that
78%
love
77%
really
77%
this
77%
knows
76%
work
76%
in
75%
alright
74%
Before
73%
fallen
73%
goes
73%
door
72%
man
72%
one
72%
won
72%
decides
71%
lock
70%
prize
69%
They
69%
they
69%
deserves
68%
from
68%
he's
68%
mind
68%
when
67%
behind
66%
down
66%
eyes
66%
stays
66%
chair
65%
home
65%
qualified
65%
fix
63%
blame
61%
times
58%
will
58%
will
58%
enough
49%
carry
47%
carry
47%
looks
47%
shame
45%
names
43%
Oh
40%
frowns
38%
metal
33%
No matching quizzes found
Score Distribution
Percent of People with Each Score
Percentile by Number Answered
Your Score History
You have not taken this quiz